[Event "Eger Osz op"]
[Site "Eger"]
[Date "2008.10.25"]
[Round "7"]
[White "Balogh, Lajos"]
[Black "Bohati, Tamas"]
[Result "1/2-1/2"]
[WhiteElo "2044"]
[BlackElo "1965"]
[PlyCount "41"]
[EventDate "2008.10.22"]
[EventType "swiss"]
[EventRounds "7"]
[EventCountry "HUN"]
[SourceTitle "EXT 2011"]
[Source "ChessBase"]
[SourceDate "2010.11.26"]
[SourceVersion "1"]
[SourceVersionDate "2010.11.26"]
[SourceQuality "1"]

1. Nf3 Nf6 2. c4 g6 3. Nc3 Bg7 4. g3 0-0 5. Bg2 d6 6. 0-0 Nbd7 7. Rb1 e5 8. d3 c6 9. b4 d5 10. Nd2 Nb6 11. a4 dxc4 12. dxc4 Be6 13. Qb3 Nxc4 14. Nxc4 Qd4 15. Ba3 Bxc4 16. Qc2 Rfd8 17. Rfd1 Qb6 18. b5 Rxd1+ 19. Nxd1 cxb5 20. Bxb7 Qxb7 21. Qxc4 1/2-1/2

[Event "Eger Osz op"]
[Site "Eger"]
[Date "2008.10.25"]
[Round "6"]
[White "Toth, Barnabas"]
[Black "Balogh, Lajos"]
[Result "0-1"]
[WhiteElo "1993"]
[BlackElo "2044"]
[PlyCount "92"]
[EventDate "2008.10.22"]
[EventType "swiss"]
[EventRounds "7"]
[EventCountry "HUN"]
[SourceTitle "EXT 2011"]
[Source "ChessBase"]
[SourceDate "2010.11.26"]
[SourceVersion "1"]
[SourceVersionDate "2010.11.26"]
[SourceQuality "1"]

1. e4 c5 2. Nf3 Nc6 3. d4 cxd4 4. Nxd4 e5 5. Nb5 d6 6. N1c3 a6 7. Na3 Be7 8. Nc4 b5 9. Ne3 Nf6 10. Ned5 Nxd5 11. Nxd5 f5 12. Bd3 0-0 13. 0-0 f4 14. Be2 Be6 15. Bg4 Bf7 16. g3 g5 17. b3 Rb8 18. Bb2 Rb7 19. Kh1 Qe8 20. gxf4 exf4 21. Bf5 Ne5 22. Nxe7+ Qxe7 23. Qd4 Be6 24. Bxe6+ Qxe6 25. f3 Rc7 26. Rf2 Rfc8 27. Rc1 h6 28. Kg2 Kh7 29. Rd2 g4 30. c4 gxf3+ 31. Kh1 Rc6 32. Qd5 Qe7 33. Rg1 bxc4 34. bxc4 Rxc4 35. Qxd6 Qxd6 36. Rxd6 f2 37. Rf1 Ng4 38. h3 Ne3 39. Rd7+ Kg6 40. Rxf2 Rc2 41. Rxc2 Rxc2 42. Rd6+ Kh5 43. Bg7 f3 44. Rxh6+ Kg5 45. Rxa6 f2 46. Bh6+ Kh4 0-1